Größte Stadt in jedem USA Staat - Statistiken

Allgemein
  • Dieses Quiz wurde 122 mal gespielt
    59 seit der letzten Aktualisierung
  • Das Durchschnittsergebnis liegt bei 27 aus 50
Antworten auf der Karte
Die Antworten werden auf der Karte rot bzw. grün angezeigt, abhängig davon wie oft sie richtig erraten wurden.
 
Antwortstatistiken
Staat Stadt Einwohnerzahl % Korrekt
Kalifornien Los Angeles 3.280.914
100%
New York New York 8.258.035
98%
Nevada Las Vegas 641.903
94%
Washington Seattle 737.015
91%
Illinois Chicago 2.664.452
89%
Massachusetts Boston 675.647
87%
Texas Houston 2.314.157
87%
Colorado Denver 715.522
85%
Utah Salt Lake City 199.649
85%
Louisiana New Orleans 383.997
83%
Georgia Atlanta 498.715
81%
Arizona Phoenix 1.650.070
81%
Hawaii Honolulu 345.064
79%
Missouri Kansas City 508.090
77%
Maine Portland 68.408
77%
Oregon Portland 652.503
77%
Michigan Detroit 639.111
74%
Indiana Indianapolis 887.642
74%
Minnesota Minneapolis 429.606
72%
Oklahoma Oklahoma City 681.054
70%
Mississippi Jackson 143.703
66%
Pennsylvania Philadelphia 1.550.542
66%
Florida Jacksonville 949.611
62%
New Mexico Albuquerque 564.559
60%
North Carolina Charlotte 874.579
60%
Tennessee Nashville 689.447
60%
Maryland Baltimore 585.705
53%
Idaho Boise 235.684
51%
Ohio Columbus 905.798
51%
Alaska Anchorage 291.247
45%
Nebraska Omaha 486.051
43%
Iowa Des Moines 214.133
40%
Wisconsin Millwaukee 577.222
38%
Wyoming Cheyenne 65.132
36%
Arkansas Little Rock 202.591
28%
Kentucky Louisville 633.045
28%
New Jersey Newark 311.549
28%
Kansas Wichita 397.532
28%
Montana Billings 117.116
26%
Alabama Birmingham 197.575
26%
South Carolina Charleston 150.227
26%
West Virginia Charleston 48.864
26%
Rhode Island Providence 190.934
23%
Virginia Virginia Beach 459.470
21%
North Dakota Fargo 125.990
11%
South Dakota Sioux Falls 192.517
11%
Delaware Wilmington 70.898
11%
Vermont Burlington 44.743
9%
Connecticut Bridgeport 148.654
6%
New Hampshire Manchester 115.664
6%
Keine übereinstimmenden Quizze gefunden
Verteilung der Resultate
Anzahl Personen mit jedem Resultat
Perzentil nach korrekt beantworteten Fragen
Ihre Resultats-Entwicklung
Sie haben dieses Quiz seit der letzten Aktualisierung nicht gespielt